00809nam a22002291 450000100060000000300080000600500170001400800410003103500190007204000320009104100080012308200230013110000240015424500680017826000630024630000210030950400370033065000340036794200120040199900170041395201490043029608BD-RjUL20211209051432.0140406r19661962nyu b 001 0 eng d a(BD-RjUL)29693 aDLCcDLCdDLCdBD-RjULbeng aeng00a136.7354bBLO 19661 aBlos, Peter.99021910aOn adolescence :ba psychoanalytic interpretation /cPeter Blos aNew York :bFree Press of Glencoe ;c1962 [Reprinted 1966] a269 p. ;c22 cm. aIncludes bibliography. and Index 0aAdolescent psychology.988071 2ddccBK c29608d29608 00102ddc40728NFICaRUCLbRUCLcReadingd1977-03-31eLions International Giftl0o136.7354 BLO 1966r2014-04-06 00:00:00tC-1w2014-04-06yBK